| Tag |
First Indicator |
Second Indicator |
Subfields |
| LEADER |
00000cam a22000004a 4500 |
| 001 |
in00001600436 |
| 005 |
20151022183536.0 |
| 008 |
000112s2001 enka b 001 0 eng |
| 010 |
|
|
|a 00021911
|
| 015 |
|
|
|a GBA0-W7740
|
| 019 |
|
|
|a 44736439
|
| 020 |
|
|
|a 0521781272 (hardbound)
|
| 029 |
1 |
|
|a UKM
|b bA0W7740
|
| 035 |
|
|
|a (OCoLC)ocm43311869
|
| 040 |
|
|
|a DLC
|c DLC
|d UKM
|d C#P
|d UtOrBLW
|
| 042 |
|
|
|a pcc
|
| 049 |
|
|
|a TXAM
|
| 050 |
0 |
0 |
|a TA169
|b .O72 2001
|
| 082 |
0 |
0 |
|a 620/.00452
|2 21
|
| 245 |
0 |
0 |
|a Optimal reliability design :
|b fundamentals and applications /
|c Way Kuo [and others].
|
| 264 |
|
1 |
|a Cambridge, U.K. ;
|a New York :
|b Cambridge University Press,
|c 2001.
|
| 300 |
|
|
|a xxi, 389 pages :
|b illustrations ;
|c 26 cm.
|
| 336 |
|
|
|a text
|b txt
|2 rdacontent
|
| 337 |
|
|
|a unmediated
|b n
|2 rdamedia
|
| 338 |
|
|
|a volume
|b nc
|2 rdacarrier
|
| 504 |
|
|
|a Includes bibliographical references (pages 367-384) and index.
|
| 650 |
|
0 |
|a Reliability (Engineering)
|
| 700 |
1 |
|
|a Kuo, Way,
|d 1951-
|
| 945 |
|
|
|i PromptCat
|
| 948 |
|
|
|a cataloged
|b h
|c 2001/3/28
|d c
|e mphillip
|f 2:38:22 pm
|
| 994 |
|
|
|a 92
|b TXA
|
| 999 |
|
|
|a MARS
|
| 999 |
f |
f |
|s b8c95f2d-aeda-3ff8-8010-14d05bb9ae7d
|i 93be78dd-07ff-3c7c-9474-4e2255385ffd
|t 0
|
| 952 |
f |
f |
|p normal
|a Texas A&M University
|b College Station
|c Sterling C. Evans Library
|d Evans: Library Stacks
|t 0
|e TA169 .O72 2001
|h Library of Congress classification
|i unmediated -- volume
|m A14827490477
|
| 998 |
f |
f |
|a TA169 .O72 2001
|t 0
|l Evans: Library Stacks
|